000 01311nam a22002897a 4500
005 20240530110932.0
008 220221s2009 ua c g b 000 0 ara d
017 _bمصر. دار الكتب
040 _aEG-CaGPL
_cEG-CaGPL
082 0 4 _221
_a344.04 /
_bع ن
100 0 _aعصام الدين محمد حسن
245 1 0 _aنحو قانون ديمقراطى لتحرير العمل الاهلى :
_bدراسة قانونية وميدانية /
_cتاليف عصام الدين محمد حسن ؛ اعداد تيبو جوييه ، رجب سعد طه ، طاهر ابو النصر
260 _aالقاهرة :
_bمركز القاهرة لدراسات حقوق الانسان ،
_c2009
300 _a115 ص؛
_c20 سم
490 _aسلسلة قضايا الاصلاح
_v(21 )
650 0 7 _aالقانون
_2qrmak
650 0 7 _aالعمل الاهلى
_2qrmak
650 0 7 _aقانون الجمعيات الاهلية
_2qrmak
650 0 7 _aقانون المنظمات غير الحكومية
_2qrmak
650 0 7 _aقانون المؤسسات الاهلية
_2qrmak
651 _2qrmak
700 _aتيبو جوييه
_eمعد
700 _aرجب سعد طه
_eمعد
700 _aطاهر ابو النصر
_eمعد
942 _2ddc
_cBK
999 _c66677
_d66677